The voice of genius: conversations with Nobel scientists and other luminaries

Saved in:
Bibliografiske detaljer
Hovedforfatter: Brian, Denis (Author)
Format: Bog
Sprog:engelsk
Udgivet: Nueva York Perseus 1995
Fag:
Tags: Tilføj Tag
Ingen Tags, Vær først til at tagge denne postø!

MARC

LEADER 00000nam a2200000 a 4500
001 UCK3914
003 CL-VaPUC
008 050513e19950000US |||||||||||||||||eng|d
020 |a 0738204471 
082 0 4 |a 500.8631  |b BRI  |2 21 
100 0 |a Brian, Denis  |e author  |9 492285 
245 1 4 |a The voice of genius: conversations with Nobel scientists and other luminaries 
300 |a 423 p 
942 |c BK 
945 |d 20050513 00:00:00  |a cmena 
260 |a Nueva York  |b Perseus  |c 1995 
600 0 7 |a PREMIO NOBEL  |2 CL-VaPUC  |9 492286 
650 0 |a Científicos   |9 262025 
650 0 |a Entrevistas  |9 265537 
583 |a last modification  |c 20050513 00:00:00  |k Rodrigo Vera 
999 |c 312959  |d 312957 
952 |0 0  |1 0  |4 0  |6 500_863100000000000_BRI_1995  |7 0  |8 A  |9 383976  |a BIBCUR  |b BIBCUR  |d 2019-11-22  |i 4128567  |o 500.8631 BRI 1995  |p 4128567  |r 2025-04-22  |w 2019-11-22  |y BK  |k FIS